[Event "ISL-chT 1314"]
[Site "Reykjavik"]
[Date "2014.02.28"]
[Round "7.4"]
[White "Thorvaldsson, Jon"]
[Black "Kjartansson, David"]
[Result "1/2-1/2"]
[WhiteElo "2165"]
[BlackElo "2348"]
[PlyCount "148"]
[EventDate "2013.10.10"]
[EventType "team-tourn"]
[EventRounds "9"]
[EventCountry "ISL"]
[SourceTitle "EXT 2015"]
[Source "ChessBase"]
[SourceDate "2014.11.20"]
[SourceVersion "1"]
[SourceVersionDate "2014.11.20"]
[SourceQuality "1"]
[WhiteTeam "Hellir II"]
[BlackTeam "Vikingaklubburinn"]
[WhiteTeamCountry "ISL"]
[BlackTeamCountry "ISL"]

1. c4 d6 2. g3 g6 3. Bg2 Bg7 4. Nc3 Nf6 5. Nf3 0-0 6. 0-0 Nc6 7. a3 Bg4 8. h3 Bxf3 9. Bxf3 Nd7 10. Bg2 e6 11. d3 f5 12. Bd2 Qe7 13. Rb1 Rab8 14. b4 h5 15. Qc1 Bf6 16. h4 Nce5 17. Nb5 c6 18. Nd4 Nf7 19. Nf3 e5 20. Ng5 Nxg5 21. hxg5 Bg7 22. b5 e4 23. Bf4 Nc5 24. Qc2 Rbe8 25. bxc6 bxc6 26. Be3 Ne6 27. dxe4 f4 28. gxf4 Nxf4 29. Bxf4 Rxf4 30. e3 Rg4 31. f4 Qxe4 32. Qxe4 Rxe4 33. Kf2 Rxc4 34. Rbc1 Rxc1 35. Rxc1 h4 36. Rxc6 Bf8 37. Bd5+ Kg7 38. Rc7+ Kh8 39. Be6 Rg3 40. Rf7 Bg7 41. Rxa7 Bb2 42. Re7 Bxa3 43. Bd5 Bc5 44. Rb7 Bxe3+ 45. Ke2 Bc5 46. Rb8+ Kg7 47. Rb7+ Kf8 48. Rf7+ Ke8 49. Rg7 Be3 50. Rxg6 Bxf4 51. Rg8+ Ke7 52. g6 Be5 53. Be4 h3 54. Rb8 Bd4 55. Kd2 Kf6 56. Rh8 Re3 57. Rh4 Rg3 58. Rh7 Ke5 59. Bc6 Kf6 60. g7 Rxg7 61. Rxg7 Kxg7 62. Ke2 Kf6 63. Kf3 Be5 64. Bd7 h2 65. Kg2 d5 66. Bc6 d4 67. Bb5 Kg5 68. Kh1 Kg4 69. Ba6 Kf3 70. Bb5 Ke3 71. Ba6 d3 72. Bxd3 Kxd3 73. Kg2 Ke2 74. Kh1 Kf1 1/2-1/2

[Event "ISL-chT 1314"]
[Site "Reykjavik"]
[Date "2013.10.13"]
[Round "5.5"]
[White "Thorvaldsson, Jon"]
[Black "Einarsson, Halldor Gretar"]
[Result "1/2-1/2"]
[WhiteElo "2165"]
[BlackElo "2194"]
[PlyCount "57"]
[EventDate "2013.10.10"]
[EventType "team-tourn"]
[EventRounds "9"]
[EventCountry "ISL"]
[SourceTitle "EXT 2014"]
[Source "ChessBase"]
[SourceDate "2013.11.20"]
[SourceVersion "1"]
[SourceVersionDate "2013.11.20"]
[SourceQuality "1"]
[WhiteTeam "Hellir II"]
[BlackTeam "Bolungarvik"]
[WhiteTeamCountry "ISL"]
[BlackTeamCountry "ISL"]

1. e4 d5 2. exd5 Nf6 3. Nf3 Nxd5 4. d4 Bg4 5. Be2 e6 6. 0-0 Be7 7. c4 Nf6 8. Be3 c6 9. Nc3 0-0 10. Qb3 Qc7 11. Rac1 Nbd7 12. Rfd1 Rfd8 13. a3 Nb6 14. h3 Bf5 15. Nh4 Be4 16. Nxe4 Nxe4 17. Nf3 Nf6 18. a4 Rac8 19. g3 Nbd7 20. Bf1 c5 21. Bg2 b6 22. Qc2 Nf8 23. b3 Ng6 24. a5 bxa5 25. Ra1 cxd4 26. Nxd4 Nd5 27. cxd5 Qxc2 28. Nxc2 Rxc2 29. Rxa5 1/2-1/2